[Event "Women's Speed Chess Q1"]
[Site "chess.com INT"]
[Date "2021.05.28"]
[Round "4"]
[White "Kiolbasa, Oliwia"]
[Black "Szente Varga, Fruzsina"]
[Result "1-0"]
[WhiteTitle "WIM"]
[BlackTitle "WFM"]
[WhiteElo "2255"]
[BlackElo "2100"]
[WhiteFideId "1154613"]
[BlackFideId "712264"]
[EventDate "2021.05.28"]

1. e4 Nf6 2. e5 Nd5 3. d4 d6 4. c4 Nb6 5. exd6 cxd6 6. Nc3 g6 7. Be3 Bg7 8. Rc1
O-O 9. Nf3 Nc6 10. h3 e5 11. dxe5 dxe5 12. Qxd8 Rxd8 13. c5 Nd7 14. Nb5 Nf8 15.
Nd6 Ne6 16. Bc4 Rb8 17. Ng5 Nxg5 18. Bxg5 Rf8 19. O-O Be6 20. Bxe6 fxe6 21. Rfe1
Nb4 22. Red1 a5 23. a3 Nd5 24. Rc4 h6 25. Bd2 Rf6 26. Bxa5 Rbf8 27. Be1 Nf4 28.
Nxb7 Ne2+ 29. Kh1 Nd4 30. c6 Rc8 31. c7 Rf7 32. Ba5 Nb5 33. Rd8+ Rf8 34. Rxf8+
Bxf8 35. a4 Nd6 36. Nxd6 Bxd6 37. b4 Kf7 38. b5 Ke7 39. b6 Kd7 40. b7 Rxc7 41.
Bxc7 Bxc7 42. a5 Bb8 43. Rc8 Bd6 44. b8=Q Bxb8 45. Rxb8 Ke7 46. a6 Kf6 47. a7
Kf5 48. a8=Q g5 49. Qf3+ Kg6 50. Rg8+ Kh7 51. Qf7# 1-0

[Event "Women's Speed Chess Q1"]
[Site "chess.com INT"]
[Date "2021.05.28"]
[Round "4"]
[White "Belenkaya, Dina"]
[Black "Martynkova, Olena"]
[Result "1-0"]
[WhiteTitle "WGM"]
[BlackTitle "WIM"]
[WhiteElo "2304"]
[BlackElo "2195"]
[WhiteFideId "24142654"]
[BlackFideId "14134039"]
[EventDate "2021.05.28"]

1. e4 e5 2. Nf3 Nc6 3. Bb5 a6 4. Ba4 Nf6 5. d3 Be7 6. c3 d6 7. Qe2 O-O 8. Bg5 b5
9. Bb3 Be6 10. Nbd2 d5 11. O-O dxe4 12. dxe4 Bxb3 13. axb3 Qc8 14. Rfd1 Qe6 15.
Bxf6 Bxf6 16. b4 Be7 17. Nf1 Rfd8 18. Ne3 Rxd1+ 19. Rxd1 Bd6 20. Nd5 h6 21. Nd2
Ne7 22. Nf1 Nxd5 23. Rxd5 c6 24. Rd3 a5 25. Qd1 Be7 26. Qa1 a4 27. Ne3 g6 28. h3
h5 29. Nc2 Rd8 30. Rxd8+ Bxd8 31. Qd1 Be7 32. Ne1 Qd6 33. Nd3 Bd8 34. Qc2 Bb6
35. Kh2 Kg7 36. Ne1 Qe6 37. Qe2 Qb3 38. Qd2 a3 39. bxa3 Qxa3 40. Nd3 f6 41. g3
Qa7 42. Kg2 Qd7 43. Qe2 Qe6 44. Ne1 Qd7 45. f4 c5 46. fxe5 fxe5 47. Nf3 cxb4 48.
Nxe5 Qe8 49. Nd3 bxc3 50. e5 1-0

[Event "Women's Speed Chess Q1"]
[Site "chess.com INT"]
[Date "2021.05.28"]
[Round "4"]
[White "Padmini, Rout"]
[Black "Rakshitta, Ravi"]
[Result "0-1"]
[WhiteTitle "IM"]
[BlackTitle "WIM"]
[WhiteElo "2370"]
[BlackElo "2190"]
[WhiteFideId "5029295"]
[BlackFideId "25073230"]
[EventDate "2021.05.28"]

1. e4 e5 2. Nf3 Nc6 3. Bc4 Bc5 4. O-O d6 5. c3 Nf6 6. d4 exd4 7. cxd4 Bb6 8. Nc3
Bg4 9. Be3 Bxf3 10. gxf3 h6 11. Kh1 Qd7 12. Bb5 a6 13. Ba4 d5 14. e5 Ng8 15. f4
Nge7 16. Qf3 O-O-O 17. Rac1 Kb8 18. Rfd1 g6 19. Ne2 Qe6 20. Ng3 f6 21. a3 Rhf8
22. Qg2 fxe5 23. fxe5 Qg4 24. f4 h5 25. Ne2 Qf5 26. Bc2 Qe6 27. Bf2 Nf5 28. Ba4
Nce7 29. b4 Rg8 30. Rc3 Rg7 31. Bc2 Rdg8 32. h4 Nc6 33. Ba4 Nce7 34. Ng1 Rf7 35.
Nf3 Rff8 36. Ng5 Qc8 37. Rdc1 Nh6 38. Be3 Ng4 39. Rd1 Nf5 40. Bg1 Nxh4 41. Qxd5
Rd8 0-1

[Event "Women's Speed Chess Q1"]
[Site "chess.com INT"]
[Date "2021.05.28"]
[Round "4"]
[White "Papp, Petra"]
[Black "Kazarian, Anna-Maja"]
[Result "0-1"]
[WhiteTitle "WGM"]
[BlackTitle "FM"]
[WhiteElo "2336"]
[BlackElo "2096"]
[WhiteFideId "739049"]
[BlackFideId "1033689"]
[EventDate "2021.05.28"]

1. e4 e6 2. d3 d5 3. Nd2 Nf6 4. Ngf3 c5 5. g3 Nc6 6. Bg2 Be7 7. O-O O-O 8. Re1
b6 9. e5 Nd7 10. Qe2 Ba6 11. Nf1 c4 12. d4 b5 13. c3 b4 14. h4 bxc3 15. bxc3 Qa5
16. Bd2 Rab8 17. N1h2 Rb2 18. h5 Rxa2 19. Rxa2 Qxa2 20. Ng4 Qc2 21. h6 g6 22.
Ra1 Bb5 23. Ne1 Qb2 24. Rc1 Nxd4 25. Qd1 Nf5 26. Rb1 Ba4 27. Qxa4 Qxb1 28. Qxd7
Qd1 29. Ne3 Qxd2 30. Nxf5 Qxe1+ 31. Kh2 gxf5 32. Qxe7 Qxe5 33. Bxd5 f4 34. Bxc4
Qh5+ 35. Kg2 Qxh6 36. Qxa7 fxg3 37. fxg3 Qd2+ 38. Kh3 Qxc3 39. Be2 Rd8 40. Qe7
Rd5 41. Bg4 Qe5 42. Qb7 Kg7 43. Qb3 Rd4 44. Qf3 Qg5 45. Qe2 e5 46. Qf3 Rxg4 47.
Qxg4 Qxg4+ 48. Kxg4 Kf6 49. Kf3 Kf5 50. g4+ Kg5 51. Ke4 Kxg4 52. Kxe5 f5 0-1

[Event "Women's Speed Chess Q1"]
[Site "chess.com INT"]
[Date "2021.05.28"]
[Round "4"]
[White "Nurmanova, Alua"]
[Black "Sliwicka, Alicja"]
[Result "0-1"]
[WhiteTitle "WFM"]
[BlackTitle "WIM"]
[WhiteElo "2008"]
[BlackElo "2346"]
[WhiteFideId "13729390"]
[BlackFideId "1150677"]
[EventDate "2021.05.28"]

1. e4 c5 2. Nf3 d6 3. d4 cxd4 4. Nxd4 Nf6 5. Nc3 Bd7 6. Bg5 e6 7. Qd2 a6 8.
O-O-O h6 9. Be3 Ng4 10. f4 Nxe3 11. Qxe3 Nc6 12. Bc4 Qc7 13. Bb3 Be7 14. Rhe1
O-O-O 15. Kb1 Kb8 16. e5 dxe5 17. Nxc6+ Bxc6 18. fxe5 Bxg2 19. Qg3 Bc6 20. Qxg7
Bb4 21. Rf1 Bxc3 22. bxc3 Rxd1+ 23. Rxd1 Rc8 24. Rd3 h5 25. Kb2 a5 26. a4 Be4
27. Re3 Bf5 28. Qg5 Qb6 29. Rf3 Bg6 30. h4 Rc4 31. Qe7 Rc8 32. Rf4 Qc5 33. Qxc5
Rxc5 34. Rd4 Rxe5 35. Rd7 Kc8 36. Re7 Re4 37. Re8+ Kd7 38. Rb8 Kc7 39. Ra8 b6
40. Rg8 Re2 41. Kc1 Rh2 42. Bxe6 Rxc2+ 43. Kd1 Rxc3 44. Rc8+ Kd6 45. Rxc3 fxe6
46. Ke2 Be8 47. Rc4 b5 48. Rd4+ Kc5 49. Rd8 Bg6 50. axb5 Kxb5 51. Rb8+ Kc4 52.
Ke3 a4 53. Kf4 Bf5 54. Ra8 Kb3 55. Kg5 Bg4 56. Rb8+ Ka2 57. Ra8 a3 58. Rh8 Kb2
59. Rxh5 Bxh5 60. Kxh5 a2 61. Kg6 a1=Q 62. h5 Kb3 63. h6 Qh8 64. h7 e5 65. Kf5
e4 0-1

[Event "Women's Speed Chess Q1"]
[Site "chess.com INT"]
[Date "2021.05.28"]
[Round "4"]
[White "Morris-Suzuki, Sophie"]
[Black "Kanyamarala, Trisha"]
[Result "0-1"]
[WhiteTitle "WFM"]
[BlackTitle "WIM"]
[WhiteElo "2043"]
[BlackElo "2180"]
[WhiteFideId "30922615"]
[BlackFideId "45004722"]
[EventDate "2021.05.28"]

1. e4 c5 2. Nf3 d6 3. Bb5+ Nd7 4. d4 cxd4 5. Qxd4 a6 6. Bxd7+ Bxd7 7. c4 e6 8.
Nc3 Nf6 9. O-O Bc6 10. Bg5 Be7 11. Rad1 O-O 12. Rfe1 Qa5 13. a3 Rfd8 14. Qd3
Rac8 15. h3 Be8 16. Be3 Qc7 17. Nd2 Nd7 18. f4 Nc5 19. Qe2 Bc6 20. b4 Na4 21.
Nxa4 Bxa4 22. Rc1 Qd7 23. Bb6 Re8 24. Nf3 d5 25. Ne5 Qd6 26. c5 Qb8 27. exd5
exd5 28. Qh5 g6 29. Qf3 Bf6 30. Qxd5 Bxe5 31. fxe5 Bc6 32. Qd6 Re6 33. Qxb8 Rxb8
34. Rcd1 Rbe8 35. Bc7 f6 36. Rd6 Rxe5 37. Rxe5 fxe5 38. Kf2 Rf8+ 39. Kg1 e4 40.
Re6 Rf7 41. Be5 Rf5 42. Re7 h5 43. Bd4 Kf8 44. Rg7 Rd5 45. Bf6 Rd1+ 46. Kf2 e3+
47. Kxe3 Bxg2 48. Rxg6 Bxh3 49. Be5 Bg4 50. Bd6+ Kf7 51. Rh6 Re1+ 52. Kd4 Rd1+
53. Kc4 Be6+ 54. Kc3 Bd5 55. Rxh5 Kf6 56. Rh7 Ke6 57. Rh6+ Kd7 58. Rh7+ Kc6 59.
Rc7+ Kb5 60. Kb2 Bc6 0-1

[Event "Women's Speed Chess Q1"]
[Site "chess.com INT"]
[Date "2021.05.28"]
[Round "4"]
[White "Ribeiro, Regina"]
[Black "Ramirez, Maria Eugenia"]
[Result "1-0"]
[WhiteTitle "WIM"]
[BlackTitle "WFM"]
[WhiteElo "1920"]
[BlackElo "2057"]
[WhiteFideId "2100681"]
[BlackFideId "3301680"]
[EventDate "2021.05.28"]

1. Nf3 Nf6 2. b3 e6 3. Bb2 d5 4. e3 Be7 5. c4 O-O 6. Nc3 c5 7. cxd5 exd5 8. d4
Nc6 9. Be2 Bg4 10. O-O Rc8 11. Rc1 Ne4 12. dxc5 Nxc3 13. Bxc3 Be6 14. b4 b6 15.
cxb6 Qxb6 16. a3 Rfd8 17. Nd4 Bd6 18. Bg4 Bxg4 19. Qxg4 Ne5 20. Qh5 g6 21. Qg5
Nc4 22. Nf5 Bf8 23. Bd4 Qe6 24. Nh6+ Bxh6 25. Qxh6 f6 26. Qf4 Kf7 27. a4 a6 28.
b5 axb5 29. axb5 g5 30. Qg3 h5 31. Ra1 Rd7 32. Ra6 Nd6 33. Rfa1 h4 34. Qf3 g4
35. Qf4 h3 36. Qh6 Rg8 37. Qh5+ Ke7 38. Ra7 Nxb5 39. Rxd7+ Kxd7 40. Qh7+ Qe7 41.
Qxg8 hxg2 42. Qb8 Nc7 43. Ra7 Kc6 44. Rxc7+ Qxc7 45. Qxc7+ Kxc7 46. Kxg2 f5 47.
Kg3 Kd7 48. Kf4 Ke6 49. Bc5 Kf7 50. Kxf5 Kg7 51. Kxg4 Kh7 52. Bd4 Kg6 53. h4 Kf7
54. Kf4 Ke6 55. Kg5 Kf7 56. h5 Kg8 57. Kf5 Kh7 58. Ke5 Kh6 59. Kxd5 Kxh5 60. e4
Kg4 61. e5 Kf3 62. e6 Ke2 63. e7 Kd3 64. e8=Q Kc2 65. Ke5 Kb3 66. Qc6 Ka2 67.
Qb5 Ka3 68. Bb6 Ka2 69. Qb4 Ka1 70. Kd4 Ka2 71. Kd3 Ka1 72. Kc2 Ka2 73. Qb2# 1-0

[Event "Women's Speed Chess Q1"]
[Site "chess.com INT"]
[Date "2021.05.28"]
[Round "4"]
[White "Gevorgyan, Maria"]
[Black "Eswaran, Ashritha"]
[Result "1/2-1/2"]
[WhiteTitle "WGM"]
[BlackTitle "WIM"]
[WhiteElo "2219"]
[BlackElo "2244"]
[WhiteFideId "13300270"]
[BlackFideId "2080788"]
[EventDate "2021.05.28"]

1. e4 c5 2. Nc3 Nc6 3. Bb5 Nd4 4. Bc4 e6 5. Nge2 Ne7 6. Nxd4 cxd4 7. Ne2 Nc6 8.
d3 Be7 9. O-O O-O 10. f4 d5 11. exd5 exd5 12. Bb3 Bg4 13. Qe1 Bxe2 14. Qxe2 a5
15. a4 Rc8 16. f5 Re8 17. Qd1 Nb4 18. Bd2 Bg5 19. Bxb4 Be3+ 20. Kh1 axb4 21. Qf3
Qd6 22. a5 Rc5 23. Qg4 Qf6 24. Qf3 Bh6 25. Bxd5 Rxc2 26. Bxb7 Re3 27. Qd5 Rce2
28. a6 Re5 29. Qxd4 Be3 30. Qxb4 Re8 31. a7 Bxa7 32. Rxa7 Qxf5 33. Bf3 R2e3 34.
Qb7 Re1 35. Ra1 Rxa1 36. Rxa1 Qxd3 37. h3 g6 38. Qd5 Qe3 39. Rf1 Re5 40. Qd8+
Kg7 41. Bc6 Re6 42. Bd5 Qe2 43. Ra1 Qd2 44. Qa8 Re1+ 45. Rxe1 Qxe1+ 46. Kh2 Qe5+
47. g3 Qxb2+ 48. Bg2 h5 49. Qf3 Qe5 50. h4 Qe1 51. Qd3 Qe5 52. Qe4 Qxe4 53. Bxe4
f5 54. Bf3 Kf6 55. Kg2 Ke6 56. Kf2 Kf6 57. Ke3 g5 58. Bxh5 f4+ 59. gxf4 gxf4+
60. Kxf4 Kg7 61. Kg5 Kh8 62. Bg6 Kg7 63. h5 Kh8 64. Bf5 Kg7 65. Be6 Kh8 66. Bd5
Kg7 67. Be4 Kh8 68. Bf5 Kg7 69. h6+ Kh8 70. h7 Kg7 71. Kh5 Kh8 72. Kg6 1/2-1/2

[Event "Women's Speed Chess Q1"]
[Site "chess.com INT"]
[Date "2021.05.28"]
[Round "4"]
[White "Nguyen, Thi Mai Hung"]
[Black "Dubnikova, Anastasia"]
[Result "0-1"]
[WhiteTitle "WGM"]
[BlackTitle "WFM"]
[WhiteElo "2254"]
[BlackElo "2197"]
[WhiteFideId "12401676"]
[BlackFideId "44153759"]
[EventDate "2021.05.28"]

1. d4 Nf6 2. Nf3 e6 3. e3 c5 4. Bd3 d5 5. b3 Nc6 6. O-O Be7 7. Bb2 O-O 8. Nbd2
b6 9. a3 Bb7 10. Ne5 Nxe5 11. dxe5 Ne4 12. Qe2 Nxd2 13. Qxd2 c4 14. Be2 Rc8 15.
b4 f6 16. exf6 Bxf6 17. Bxf6 Qxf6 18. c3 e5 19. Rad1 Rcd8 20. a4 Kh8 21. Bf3 Qg6
22. Qe2 e4 23. Bh5 Qf6 24. Rd4 g6 25. Bg4 Rde8 26. f4 Qc6 27. b5 Qc5 28. Qb2 Rf6
29. g3 Ref8 30. h4 h6 31. Rfd1 Kg7 32. Qh2 R8f7 33. Qb2 Rc7 34. Bh3 Qe7 35. Kh2
Rd6 36. Bg2 Rf6 37. Qd2 Rc5 38. Qf2 Rf7 39. g4 Qd8 40. g5 hxg5 41. hxg5 Qxg5 42.
Qe2 Qh4+ 43. Kg1 Kf6 44. R1d2 Rh7 45. Qf1 Qh2+ 46. Kf2 Qh4+ 47. Kg1 Qg3 48. Qf2
Qxf2+ 49. Rxf2 Bc8 50. Kf1 Be6 51. Ke2 Rc8 52. Kd2 Rch8 53. Kc2 Rh2 54. Rdd2 Bf5
55. Kb2 Ke6 56. Ka3 R8h4 57. Kb4 Rg4 58. a5 Kd6 59. axb6 axb6 60. Ra2 Rg3 0-1

[Event "Women's Speed Chess Q1"]
[Site "chess.com INT"]
[Date "2021.05.28"]
[Round "4"]
[White "Pourkashiyan, Atousa"]
[Black "Assaubayeva, Bibisara"]
[Result "0-1"]
[WhiteTitle "WGM"]
[BlackTitle "IM"]
[WhiteElo "2322"]
[BlackElo "2381"]
[WhiteFideId "12502014"]
[BlackFideId "13708694"]
[EventDate "2021.05.28"]

1. e4 c5 2. Nf3 d6 3. d4 cxd4 4. Nxd4 Nf6 5. Nc3 a6 6. Be2 e5 7. Nb3 Be7 8. O-O
O-O 9. Be3 Be6 10. Qd3 Nc6 11. a3 b5 12. Nd5 Bxd5 13. exd5 e4 14. Qd1 Ne5 15.
Bd4 Nxd5 16. f4 Ng6 17. Qd2 Bf6 18. Rad1 Rc8 19. g3 Bxd4+ 20. Nxd4 Nf6 21. c3
Re8 22. Nf5 d5 23. Ne3 Qb6 24. Kg2 Rcd8 25. h4 Ne7 26. h5 d4 27. cxd4 Ned5 28.
a4 Rc8 29. axb5 axb5 30. Nxd5 Nxd5 31. Rc1 Rcd8 32. Rfd1 Qb7 33. Kg1 Nf6 34. Bf1
Nxh5 35. Qe3 Nf6 36. Bg2 Ng4 37. Qe2 f5 38. Rc5 Qb6 39. Qxb5 Qxb5 40. Rxb5 Rb8
41. Rxb8 Rxb8 42. Rd2 Ne3 43. d5 Kf7 44. Bf1 Ke7 45. d6+ Kd7 46. Kf2 Nxf1 47.
Kxf1 Rb6 48. Ke2 Rxd6 49. Rc2 Rd3 50. Rc5 g6 51. Kf2 Rf3+ 52. Kg2 Rb3 53. Rc2 h6
54. Re2 g5 55. fxg5 hxg5 56. g4 Ke6 57. gxf5+ Kxf5 58. Rf2+ Kg4 59. Re2 Kf4 60.
Rf2+ Kg4 61. Re2 e3 62. Rc2 Rb4 63. b3 Kf4 64. Ra2 Rd4 65. Rc2 Rd2+ 66. Rxd2
exd2 67. Kf2 d1=Q 0-1

[Event "Women's Speed Chess Q1"]
[Site "chess.com INT"]
[Date "2021.05.28"]
[Round "4"]
[White "Bommini, Mounika Akshaya"]
[Black "Vo, Thi Kim Phung"]
[Result "0-1"]
[WhiteTitle "WFM"]
[BlackTitle "WGM"]
[WhiteElo "2029"]
[BlackElo "2335"]
[WhiteFideId "25019872"]
[BlackFideId "12401838"]
[EventDate "2021.05.28"]

1. f4 Nf6 2. g3 d5 3. Bg2 g6 4. Nf3 Bg7 5. d3 O-O 6. O-O c5 7. Qe1 d4 8. c3 Nc6
9. h3 Re8 10. Qf2 Nd5 11. Bd2 Qb6 12. Na3 dxc3 13. bxc3 Nxc3 14. Nc4 Qd8 15.
Rac1 Nxa2 16. Rb1 Nc3 17. Bxc3 Bxc3 18. Qxc5 Nd4 19. e3 Nxf3+ 20. Bxf3 Qxd3 21.
Bxb7 Bxb7 22. Rxb7 Bf6 23. Ne5 Qf5 24. Rxa7 Rxa7 25. Qxa7 Bxe5 26. fxe5 Qxh3 27.
Rf3 Qg4 28. Kg2 Qe6 29. Qc7 Rc8 30. Qa5 h5 31. Qa3 Qxe5 32. Rf2 Qe6 33. Qd3 Rf8
34. Qe2 Qe4+ 35. Kg1 e6 36. Qf3 Qxf3 37. Rxf3 Kg7 38. Kg2 Rd8 39. Rf2 Rd5 40.
Kf3 Re5 41. Ke2 Rf5 42. Rg2 Kf6 43. e4 Re5 44. Ke3 Ra5 45. Rf2+ Kg7 46. Rd2 g5
47. Kf2 Kg6 48. Rd3 Kf6 49. Kf3 Ra4 50. Rb3 Kg6 51. Rc3 f6 52. Rb3 e5 53. Rc3
Ra1 54. Rb3 g4+ 55. Kf2 Ra2+ 56. Ke3 Rg2 57. Rb4 Rxg3+ 58. Kf2 Rf3+ 59. Kg2 h4
60. Rb8 h3+ 61. Kh2 Kg5 62. Rg8+ Kf4 63. Rf8 Kxe4 64. Rg8 f5 65. Rg7 Rf2+ 66.
Kg3 Rg2+ 67. Kh4 h2 0-1

[Event "Women's Speed Chess Q1"]
[Site "chess.com INT"]
[Date "2021.05.28"]
[Round "5"]
[White "Von Herman, Brigitte"]
[Black "Nguyen, Thi Mai Hung"]
[Result "0-1"]
[WhiteTitle "WFM"]
[BlackTitle "WGM"]
[WhiteElo "1991"]
[BlackElo "2254"]
[WhiteFideId "4628730"]
[BlackFideId "12401676"]
[EventDate "2021.05.28"]

1. e4 e6 2. d4 d5 3. Nc3 Nf6 4. exd5 exd5 5. Bd3 Bd6 6. Qf3 Bg4 7. Qe3+ Qe7 8.
h3 Qxe3+ 9. Bxe3 Be6 10. O-O-O c6 11. Nge2 O-O 12. Nf4 Bd7 13. g4 h6 14. Rhg1 a5
15. g5 hxg5 16. Rxg5 Re8 17. Rdg1 Bf8 18. h4 b5 19. Nh5 Nxh5 20. Rxh5 g6 21.
Rhg5 Be7 22. R5g2 Bxh4 23. Rh1 Bf6 24. Bxg6 fxg6 25. Rxg6+ Kf7 26. Rgh6 Bg7 27.
Rh7 Bf5 28. R7h5 Bg6 29. Rg5 Bf6 30. Rg2 Nd7 31. Rhg1 Rg8 32. Ne2 Be4 0-1

[Event "Women's Speed Chess Q1"]
[Site "chess.com INT"]
[Date "2021.05.28"]
[Round "5"]
[White "Dhyana, Patel"]
[Black "Zaksaite, Salomeja"]
[Result "1-0"]
[WhiteTitle "WFM"]
[BlackTitle "WIM"]
[WhiteElo "1947"]
[BlackElo "2202"]
[WhiteFideId "35006908"]
[BlackFideId "12801496"]
[EventDate "2021.05.28"]

1. e4 c5 2. Nf3 e6 3. d4 cxd4 4. Nxd4 Nf6 5. Nc3 Nc6 6. Be2 Bb4 7. O-O Bxc3 8.
bxc3 Nxe4 9. Nxc6 bxc6 10. Qd4 Nf6 11. Ba3 Qb6 12. Qe5 d5 13. Rab1 Qd8 14. c4
Nd7 15. Qxg7 Qf6 16. Qg3 Ba6 17. Qc7 Rc8 18. Qxa7 Bxc4 19. Bxc4 dxc4 20. Rfd1
Rd8 21. Qc7 Qe5 22. Qxc6 Rg8 23. Rb7 Qe2 24. Rbxd7 1-0

[Event "Women's Speed Chess Q1"]
[Site "chess.com INT"]
[Date "2021.05.28"]
[Round "5"]
[White "Hoshino, Meilin"]
[Black "Ovezdurdiyeva, Jemal"]
[Result "0-1"]
[WhiteTitle "WCM"]
[BlackTitle "WFM"]
[WhiteElo "1591"]
[BlackElo "2061"]
[WhiteFideId "7001690"]
[BlackFideId "14001888"]
[EventDate "2021.05.28"]

1. d4 Nf6 2. c4 g6 3. Nc3 Bg7 4. e4 d6 5. h3 O-O 6. Bg5 Nc6 7. Qd2 e5 8. d5 Ne7
9. Bd3 Ne8 10. Bh6 c5 11. h4 f5 12. h5 f4 13. Bg5 h6 14. Bxe7 Qxe7 15. hxg6 Qg5
16. Bf1 a6 17. Nf3 Qxg6 18. O-O-O Bd7 19. Rg1 b5 20. a3 b4 21. axb4 cxb4 22. Na2
a5 23. Nh4 Qxe4 24. Bd3 Qd4 25. g3 fxg3 26. fxg3 e4 27. Bc2 Qxb2# 0-1

[Event "Women's Speed Chess Q1"]
[Site "chess.com INT"]
[Date "2021.05.28"]
[Round "5"]
[White "Pham, Le Thao Nguyen"]
[Black "Mkrtchian, Lilit"]
[Result "1-0"]
[WhiteTitle "IM"]
[BlackTitle "IM"]
[WhiteElo "2369"]
[BlackElo "2388"]
[WhiteFideId "12401226"]
[BlackFideId "13300601"]
[EventDate "2021.05.28"]

1. d4 Nf6 2. Nf3 d5 3. c4 c6 4. Nc3 dxc4 5. a4 Bf5 6. e3 e6 7. Bxc4 Nbd7 8. O-O
Bb4 9. Qe2 O-O 10. e4 Bg6 11. Bd3 Re8 12. e5 Bxd3 13. Qxd3 Nd5 14. Nxd5 cxd5 15.
Ng5 Nf8 16. g3 Rc8 17. Bd2 Bxd2 18. Qxd2 h6 19. Nf3 Re7 20. Rfc1 Rec7 21. Ne1
Rc4 22. b3 R4c6 23. Rxc6 Rxc6 24. Rc1 Qc7 25. Nd3 Nd7 26. Rxc6 Qxc6 27. Kg2 Nb8
28. h4 Qb6 29. Qc3 Nc6 30. Nc5 a5 31. Kf3 Kf8 32. Nd7+ 1-0

[Event "Women's Speed Chess Q1"]
[Site "chess.com INT"]
[Date "2021.05.28"]
[Round "5"]
[White "Szente Varga, Fruzsina"]
[Black "Petrova, Irina"]
[Result "0-1"]
[WhiteTitle "WFM"]
[BlackTitle "WIM"]
[WhiteElo "2100"]
[BlackElo "2110"]
[WhiteFideId "712264"]
[BlackFideId "14124122"]
[EventDate "2021.05.28"]

1. e4 d6 2. d4 Nf6 3. Nc3 e5 4. Nge2 Nc6 5. f3 Be7 6. Be3 O-O 7. Qd2 d5 8. dxe5
Nxe5 9. Nxd5 Nc4 10. Nxe7+ Qxe7 11. Qc3 Nxe3 12. Qxe3 Be6 13. Nd4 Rad8 14. Nxe6
Qxe6 15. Bd3 Nd5 16. Qd2 Qe5 17. O-O Nf4 18. Qe3 Qg5 19. Qd2 Nh3+ 20. Kh1 Qxd2 0-1

[Event "Women's Speed Chess Q1"]
[Site "chess.com INT"]
[Date "2021.05.28"]
[Round "5"]
[White "Pourkashiyan, Atousa"]
[Black "Tarasova, Viktoriya"]
[Result "1-0"]
[WhiteTitle "WGM"]
[BlackTitle "WIM"]
[WhiteElo "2322"]
[BlackElo "2226"]
[WhiteFideId "12502014"]
[BlackFideId "4175840"]
[EventDate "2021.05.28"]

1. e4 e5 2. Nf3 Nc6 3. Bb5 Nf6 4. O-O Nxe4 5. d4 Nd6 6. Bxc6 dxc6 7. dxe5 Nf5 8.
Qxd8+ Kxd8 9. Nc3 Bd7 10. h3 h6 11. b3 Kc8 12. Bb2 b6 13. Rad1 Be7 14. Ne4 c5
15. Nc3 Bc6 16. Nd5 Bxd5 17. Rxd5 Rd8 18. Rxd8+ Bxd8 19. Rd1 Be7 20. g4 Nh4 21.
Nxh4 Bxh4 22. e6 fxe6 23. Bxg7 Bg5 24. Kg2 Kb7 25. Rd7 Kc6 26. Rf7 Rd8 27. Be5
Rd7 28. Rxd7 Kxd7 29. f4 Be7 30. Bg7 Bd6 31. Kf3 Ke7 32. Bxh6 Kf7 33. f5 exf5
34. gxf5 Kf6 35. Ke4 Bg3 36. Bf4 Bf2 37. Bxc7 b5 38. Bd8+ Kf7 39. c4 bxc4 40.
bxc4 a6 41. a4 Ke8 42. Bg5 Kd7 43. Be3 1-0

[Event "Women's Speed Chess Q1"]
[Site "chess.com INT"]
[Date "2021.05.28"]
[Round "5"]
[White "Mendoza, Beverly"]
[Black "Morris-Suzuki, Sophie"]
[Result "0-1"]
[WhiteTitle "WIM"]
[BlackTitle "WFM"]
[WhiteElo "1945"]
[BlackElo "2043"]
[WhiteFideId "5201250"]
[BlackFideId "30922615"]
[EventDate "2021.05.28"]

1. d4 Nf6 2. Nf3 e6 3. Bf4 d5 4. e3 Bd6 5. Bg3 O-O 6. Nbd2 c5 7. c3 Nc6 8. Ne5
Qc7 9. f4 Ne7 10. Bd3 Nf5 11. Bf2 Be7 12. Qf3 b6 13. O-O Bb7 14. Qh3 Nd6 15. g4
Nfe4 16. Bxe4 dxe4 17. g5 Nf5 18. Kh1 cxd4 19. cxd4 Qc2 20. Rad1 Nxd4 21. Rg1
Ne2 22. Rge1 Nxf4 23. exf4 e3+ 24. Ndf3 exf2 25. Rf1 Ba6 26. Rd2 Bxf1 27. Qxf1
Qe4 28. Re2 Qxf4 29. Qxf2 Rac8 30. Re1 Rc1 31. Rxc1 Qxc1+ 32. Kg2 Bxg5 33. Qg3
Bf4 34. Qg4 Bxe5 35. Nxe5 Qxb2+ 0-1

[Event "Women's Speed Chess Q1"]
[Site "chess.com INT"]
[Date "2021.05.28"]
[Round "5"]
[White "Vine, Elzbieta"]
[Black "Fernandez, Maria Florencia"]
[Result "0-1"]
[WhiteTitle "WFM"]
[BlackTitle "WIM"]
[WhiteElo "2138"]
[BlackElo "2229"]
[WhiteFideId "1119320"]
[BlackFideId "116459"]
[EventDate "2021.05.28"]

1. e4 c5 2. Nc3 d6 3. f4 g6 4. Nf3 Bg7 5. Bc4 e6 6. O-O Ne7 7. Qe1 Nbc6 8. d3
O-O 9. Qh4 Nd4 10. f5 exf5 11. Bh6 Nxf3+ 12. Rxf3 fxe4 13. dxe4 Nc6 14. Qf4 Ne5
15. Bxg7 Nxf3+ 16. Qxf3 Kxg7 17. Rf1 Be6 18. Nd5 Bxd5 19. Bxd5 Qe7 20. h4 h5 21.
Qf4 Rae8 22. c3 b6 23. Rf3 Qe5 24. Qd2 f5 25. Qe2 Qxd5 0-1

[Event "Women's Speed Chess Q1"]
[Site "chess.com INT"]
[Date "2021.05.28"]
[Round "5"]
[White "Varney, Zoe"]
[Black "Nomin-Erdene, Davaademberel"]
[Result "0-1"]
[WhiteTitle "WCM"]
[BlackTitle "IM"]
[WhiteElo "1917"]
[BlackElo "2382"]
[WhiteFideId "436135"]
[BlackFideId "4900782"]
[EventDate "2021.05.28"]

1. e4 c6 2. c4 d5 3. exd5 cxd5 4. cxd5 Nf6 5. Nc3 Nxd5 6. Nf3 Nxc3 7. bxc3 g6 8.
d4 Bg7 9. Bc4 O-O 10. O-O Qc7 11. Qe2 Nc6 12. Bb2 b6 13. a4 Bb7 14. Rfe1 e6 15.
Bd3 Rac8 16. h4 Rfe8 17. h5 e5 18. d5 Na5 19. hxg6 hxg6 20. c4 Nxc4 21. Rac1
Bxd5 22. Bxc4 Bxc4 23. Qc2 a6 24. Nd2 b5 25. axb5 axb5 26. Re4 Qb7 27. Nxc4 bxc4
28. Rxc4 Rxc4 29. Qxc4 Qxb2 0-1

[Event "Women's Speed Chess Q1"]
[Site "chess.com INT"]
[Date "2021.05.28"]
[Round "5"]
[White "Koridze, Lile"]
[Black "Tokhirjonova, Gulrukhbegim"]
[Result "0-1"]
[WhiteTitle "WFM"]
[BlackTitle "WGM"]
[WhiteElo "2016"]
[BlackElo "2350"]
[WhiteFideId "13612514"]
[BlackFideId "14203626"]
[EventDate "2021.05.28"]

1. d4 Nf6 2. c4 e6 3. Nf3 d5 4. g3 dxc4 5. Bg2 a6 6. O-O Nc6 7. Nc3 Bd7 8. a4
Bb4 9. Qc2 O-O 10. Bg5 h6 11. Bf4 Nd5 12. Bd2 Rb8 13. e4 Nxc3 14. bxc3 Be7 15.
d5 exd5 16. exd5 Na5 17. Nd4 Bf6 18. Rad1 Re8 19. Bf4 Nb3 20. Nxb3 Bxa4 21. Qb1
Bxb3 22. d6 cxd6 23. Rxd6 Qe7 24. Qf5 Rbd8 25. Rb6 Bxc3 26. Rxb7 Qf6 27. Qc5 Bd4
28. Qb4 g5 29. Bc7 Rd7 30. Bc6 Qxc6 0-1